| 000 | 00598nam a22001577a 4500 | ||
|---|---|---|---|
| 003 | OSt | ||
| 005 | 20160322150141.0 | ||
| 008 | 160322b xxu||||| |||| 00| 0 eng d | ||
| 040 | _cRUA | ||
| 082 | _aFOR POE 2004 B473 Or.1 | ||
| 100 |
_98113 _aPOEUNG MORA; បឹុង មោរ៉ា |
||
| 245 | _aការអភិរក្សសត្វក្រពើភ្នំ តំបន់ជួរភ្នំក្រវាញ ភាគខាងត្បូង ក្នុងខេត្តកោះកុង | ||
| 260 |
_aPhnom Penh _bRUA _c2004 |
||
| 300 |
_aiv;15p. _bill. _c29cm. |
||
| 942 |
_2ddc _cFOR |
||
| 999 |
_c7721 _d7721 |
||